| 000 | 00894nam a22002537a 4500 | ||
|---|---|---|---|
| 003 | OSt | ||
| 005 | 20150810180036.0 | ||
| 008 | 150120b xxu||||| |||| 00| 0 eng d | ||
| 020 | _a978-607-32-2767-4 | ||
| 040 | _cBMC | ||
| 082 | _a658.04 | ||
| 100 | 1 |
_98408 _aRobbins, Stephen P. |
|
| 245 | 1 | 0 |
_aAdministración _cStephen P. Robbins, Mary Coulter ; traducción, Luis Óscar Madrigal Muñiz, Leticia Esther Pineda Ayala ; revisión técnica, Efraín Garza Alvarado... [et al.] |
| 250 | _a12ª ed | ||
| 260 |
_aJuárez (México) [etc.] _bPearson Educación _c2014 |
||
| 300 |
_aXXVI, 689 p. _bil. _c27 cm |
||
| 595 | _aTraducción de: Management | ||
| 650 | 2 | 4 |
_93341 _aGestión de empresas |
| 700 | 1 |
_aCoulter, Mary _98410 |
|
| 700 | 1 |
_aMadrigal Muñiz, Luis Oscar _930422 |
|
| 700 | 1 |
_aPineda Ayala, Leticia Esther _95262 |
|
| 700 | 1 |
_aGarza Alvarado, Efraín _930421 |
|
| 942 |
_2ddc _cBK |
||
| 999 |
_c17494 _d17494 |
||